| 000 | 01099nam a2200325 i 4500 | ||
|---|---|---|---|
| 003 | EG-GICUC | ||
| 005 | 20260416202038.0 | ||
| 008 | 260416s1984 flua|||fr|||| 001 0 eng d | ||
| 020 | _a0123707528 | ||
| 040 |
_aEG-GiCUC _beng _cEG-GiCUC _dEG-GiCUC _erda |
||
| 041 | _aeng | ||
| 082 | 0 | 4 |
_221 _a343.741 _bIN . C |
| 092 | 0 | 4 | _221 |
| 099 | _aLaw1 10 343.741 IN . C 1984 | ||
| 100 | 1 |
_aInciardi, James A _eAuthor. |
|
| 245 | 1 | 0 |
_aCriminal justice / _cBy James A. Inciardi. |
| 264 | 1 |
_aOrlando,Florida : _bAcademic Press, _c1984. |
|
| 300 |
_a168 pages : _c27 cm. |
||
| 336 |
_2rda content _atext |
||
| 337 |
_2rda media _aComputer |
||
| 338 |
_2rda carrier _aOnline Resource |
||
| 500 | _awith Test Questions by James A. Inciardi and Larry R. Bassi State University of New York at Brockport. | ||
| 500 | _aIncludes Major U.S. Supreme Court Decisions Through the End of the 1982-83 Term. | ||
| 546 | _aText in English | ||
| 650 | 1 | _aCriminal Law | |
| 650 | 1 | _aCriminal justice | |
| 856 | 4 | 0 | _uhttps://fll.law.cu.edu.eg/fulltext/bks/B10-09176.pdf |
| 905 | _a43 | ||
| 942 |
_2ddc _n0 _cBK _e21 |
||
| 999 |
_c71521 _d71521 |
||